Måneskin - VALENTINE (all lyrics) - Statistics

General Stats
  • This quiz has been taken 29 times
  • The average score is 141 of 174
Answer Stats
Hint Answer % Correct
I
100%
my
100%
to
96%
Chorus Valentine
96%
valentine
96%
you
96%
and
91%
I'm
91%
love
91%
so
91%
in
87%
when
87%
with
87%
you're
87%
Outro | Pre-chorus All
83%
all
83%
better
83%
decline
83%
for
83%
of
83%
this
83%
two
83%
baby
78%
can
78%
feel
78%
is
78%
it's
78%
just
78%
much
78%
the
78%
touch
78%
dream
74%
misunderstood
74%
one
74%
pictures
74%
up
74%
Verse 1 Wasted
74%
we
74%
were
74%
blood
70%
choked
70%
day
70%
eatin'
70%
gone
70%
harder
70%
scared
70%
runnin'
65%
always
61%
embrace
61%
give
61%
hands
61%
hold
61%
lust
61%
tattoos
61%
breathe
57%
cover
57%
myself
57%
us
57%
combust
52%
black
48%
Verse 2 Crazy
48%
room
48%
bloom
43%
daisy
43%
hearts
43%
pacing
39%
pupils
30%
No matching quizzes found
Score Distribution
Percent of People with Each Score
Percentile by Number Answered
Your Score History
You have not taken this quiz